000 00723nas a2200241 i 4500
001 1840
003 ES-MaACL
005 20251016163306.0
007 t|
008 950801d19441947sp | | 1 ||pa d
022 _a1131-0898
080 _a617
245 0 0 _aRevista española de cirugía, traumatología y ortopedia /
_cdir. Francisco Martín Lagos.
260 _aValencia :
_b[Tip. Artística],
_c1944-1947.
300 _a7 v. ;
_c27 cm.
310 _aMensual
362 0 _aAño 1, t. 1, n. 1 (jul. 1944)-t. 7, n. 37 (nov.-dic. 1947)
650 1 7 _aMedicina
_2embne
_914891
700 1 _aMartín Lagos, Francisco,
_d1897-1972
_977533
852 _aES-MaACL
_jHem-248
866 0 _o1944-1947
999 _c1840
_d1840